书目信息 |
| 题名: |
王阳明集
|
|
| 作者: | 王守仁 著 | |
| 分册: | 上 | |
| 出版信息: | 北京 中国华侨出版社 2017.10 |
|
| 页数: | 24,594页 | |
| 开本: | 21cm | |
| 丛书名: | ||
| 单 册: | ||
| 中图分类: | B248.21 | |
| 科图分类: | ||
| 主题词: | ||
| 电子资源: | ||
| ISBN: | 978-7-5113-7011-2 | |
| 000 | 00892nam0 2200241 450 | |
| 001 | 0120172318263 | |
| 005 | 20180905172951.81 | |
| 010 | @a978-7-5113-7011-2@dCNY54.00,CNY108.00(全2册) | |
| 100 | @a20171023d2017 em y0chiy50 ea | |
| 101 | 0 | @achi |
| 102 | @aCN@b110000 | |
| 105 | @ay z 000yy | |
| 106 | @ar | |
| 200 | 1 | @a王阳明集@9wang yang ming ji@h上@f(明)王阳明著 |
| 210 | @a北京@c中国华侨出版社@d2017.10 | |
| 215 | @a24,594页@d21cm | |
| 330 | @a本书是研究王阳明心学及王阳明一生重要的著述,是儒家思想中最个性、最争议的代表作,同时也是一部现代人成功修身、强大个人内心的励志作品。王阳明提出的“知行合一”“致良知”“心即理”等命题,受到了后人的广泛推崇。 | |
| 333 | @a一般读者 | |
| 600 | 0 | @a王守仁@f(1472-1528)@j文集 |
| 690 | @aB248.21@v5 | |
| 701 | 0 | @c(明)@a王守仁@9wang shou ren@f(1472-1529)@4著 |
| 801 | 0 | @aCN@b人天书店@c20171026 |
| 905 | @b1084809-12@dB248.21@e78:1@f4 | |
| 王阳明集.上/(明)王阳明著.-北京:中国华侨出版社,2017.10 |
| 24,594页;21cm |
| 使用对象:一般读者 |
| ISBN 978-7-5113-7011-2:CNY54.00,CNY108.00(全2册) |
| 本书是研究王阳明心学及王阳明一生重要的著述,是儒家思想中最个性、最争议的代表作,同时也是一部现代人成功修身、强大个人内心的励志作品。王阳明提出的“知行合一”“致良知”“心即理”等命题,受到了后人的广泛推崇。 |
| ● |
| 相关链接 |
|
|
|
|
正题名:王阳明集
索取号:B248.21/78:1
 
预约/预借
| 序号 | 登录号 | 条形码 | 馆藏地/架位号 | 状态 | 备注 |
| 1 | 1084809 | 210848092 | 第一样本阅览室/ [索取号:B248.21/78:1] | 在馆 | |
| 2 | 1084810 | 210848109 | 教育系资料室/ [索取号:B248.21/78:1] | 在馆 | |
| 3 | 1084811 | 210848118 | 教育系资料室/ [索取号:B248.21/78:1] | 在馆 | |
| 4 | 1084812 | 210848127 | 第一借阅区/ [索取号:B248.21/78:1] | 在馆 |